The joy of teaching : (Record no. 13831)

000 -LEADER
fixed length control field 00679nam a22001937a 4500
008 - FIXED-LENGTH DATA ELEMENTS--GENERAL INFORMATION
fixed length control field 160920b xxu||||| |||| 00| 0 eng d
020 ## - INTERNATIONAL STANDARD BOOK NUMBER
International Standard Book Number 0205405592
020 ## - INTERNATIONAL STANDARD BOOK NUMBER
International Standard Book Number 978020545596
050 ## - LIBRARY OF CONGRESS CALL NUMBER
Classification number LB 1025.3
Item number .H34 2007
100 ## - MAIN ENTRY--PERSONAL NAME
Personal name Hall, Gene E.
245 ## - TITLE STATEMENT
Title The joy of teaching :
Remainder of title making a diffrence in student learning/
Statement of responsibility, etc. Gene E. Hall, Linda F. Quinn and Donna M. Gollnick.
260 ## - PUBLICATION, DISTRIBUTION, ETC. (IMPRINT)
Place of publication, distribution, etc. Boston :
Name of publisher, distributor, etc. Pearson ,
Date of publication, distribution, etc. c2008.
300 ## - PHYSICAL DESCRIPTION
Extent xxxv, 620p. :
Other physical details ill.
500 ## - GENERAL NOTE
General note Includes bibliography and index.
650 ## - SUBJECT ADDED ENTRY--TOPICAL TERM
Topical term or geographic name as entry element Teaching
General subdivision United States
Chronological subdivision Textbooks.
700 ## - ADDED ENTRY--PERSONAL NAME
Personal name Quinn, Linda F.
700 ## - ADDED ENTRY--PERSONAL NAME
Personal name Gollnick, Donna M.
942 ## - ADDED ENTRY ELEMENTS (KOHA)
Source of classification or shelving scheme
Koha item type Hard Covered Materials
Classification part LB 1025.3 .H34 2007
Holdings
Withdrawn status Lost status Source of classification or shelving scheme Damaged status Not for loan Home library Current library Shelving location Date acquired Source of acquisition Total Checkouts Full call number Barcode Date last seen Price effective from Koha item type
          MACHAKOS UNIVERSITY LIBRARY MACHAKOS UNIVERSITY LIBRARY Open shelf 20/09/2016 Donation(BFA)   LB 1025.3 .H34 2007 24884 20/09/2016 20/09/2016 Hard Covered Materials
© Machakos University Library, Along The Highway, Machakos Wote Rd, Machakos, Kenya P.O. Box 136 - 90100 Machakos - Kenya

Tel: ( +254 ) 723 805829 OR Fax : 044-20353 OR Email: library@mksu.ac.ke